Gran diccionario enciclopédico Time Life / (Registro nro. 7344)

Detalles MARC
000 -LIDER
fixed length control field 00874nam a2200253 a 4500
001 - NÚMERO DE CONTROL
Identificador de número de control 000032902
003 - IDENTIFICACDOR DE NÚMERO DE CONTROL
control field DO-SdBNP
005 - DATE AND TIME OF LATEST TRANSACTION
control field 20170906091805.0
007 - CAMPOS FIJOS DE DESCRIPCIÓN FÍSICA
fixed length control field 000032902
008 - ELEMENTOS DE LONGITUD FIJA
fixed length control field 110801s2008 sp d 000 0 spa d
020 ## - ISBN
International Standard Book Number 9684182155
040 ## - FUENTE DE CATALOGACIÓN
Agencia que crea de manera original el registro BPMSU
Idioma de catalogación spa
Agencia que realiza la transcripción BPMSU
082 #4 - NÚMERO DE CLASIFICACIÓN DECIMAL DE DEWEY
Classification number R 036.1
Item number G748d
245 00 - MENCIÓN DE TITULO
Título Gran diccionario enciclopédico Time Life /
Mención de responsabilidad realización Jorge Hernán López Cano...[y otros].
260 ## - PUBLICACIÓN, DISTRIBUCIÓN, ETC. (PIE DE IMPRENTA)
Lugar de publicación, distribución, etc México, D.F. :
Nombre del editor, distribuidor, etc. Ediciones Culturales Internacionales,
Fecha de publicación, distribución, etc 2008
300 ## - DESCRIPCIÓN FÍSICA
Extensión 1158 p. :
Otros detalles físicos il. ;
Dimensiones 28 cm.
500 ## - NOTA GENERAL
Nota general La biblioteca posee la 1a. reimpresión de la 2a edición de 2007
650 #4 - ENCABEZAMIENTO DE MATERIA--TEMÁTICO
Término temático o nombre geográfico como elemento de entrada ENCICLOPEDIAS Y DICCIONARIOS ESPAÑOLES
700 1# - ASIENTO SECUNDARIO -- NOMBRE PERSONAL
Nombre personal López Cano, Jorge Hernán
Mención de responsabilidad editor
910 ## - VALIDACIÓN
Validación Validado. Control de calidad MFF
942 ## - ADDED ENTRY ELEMENTS (KOHA)
Source of classification or shelving scheme Dewey Decimal Classification
Koha item type Libros
945 ## - INFORMACIÓN DE PROCESAMIENTO LOCAL
Información de procesamiento local Inventariados /2017 VM
956 ## - LOCAL ELECTRONIC LOCATION AND ACCESS (OCLC)
Nombre de host VMATEO
Número de acceso 10
Información de compresión 20151002
Inicio de sesión BPMSU
Procesador de solicitud 0069
Existencias
Withdrawn status Lost status Source of classification or shelving scheme Damaged status Not for loan Collection code Home library Current library Date acquired Source of acquisition Total Checkouts Full call number Barcode Date last seen Price effective from Koha item type Copy number
    Dewey Decimal Classification     Colección de Referencia General Biblioteca Pública Metropolitana Salomé Ureña Biblioteca Pública Metropolitana Salomé Ureña 02/04/2015 Compra   R 036 .1 G748d BPMSU15041077 02/04/2015 02/04/2015 Libros  
    Dewey Decimal Classification     Colección de Referencia General Biblioteca Pública Metropolitana Salomé Ureña Biblioteca Pública Metropolitana Salomé Ureña 02/04/2015 Compra   R 036.1 G748d BPMSU15041078 02/04/2015 02/04/2015 Libros e. 2
    Dewey Decimal Classification     Colección de Referencia General Biblioteca Pública Metropolitana Salomé Ureña Biblioteca Pública Metropolitana Salomé Ureña 02/04/2015 Compra   R036.1 G748d BPMSU15041079 02/04/2015 02/04/2015 Libros e. 3